00885nam a22002417a 450000500170000001000130001702000220003003500130005203700160006504000120008108200150009310000250010824500520013326000440018527000500022930000200027950000200029965000490031965000450036894200240041399900190043795201870045620170124110020.0 aA-109983 c00.00a0706913868 aA-109983 bCen Lib/Ret aDPLbEN a338.9bMON aMongia, J. N.913574 aEconomics for administrators /cby J. N. Mongia aNew DelhibVikas Publishing Housec1982 bNew Delhia5, Ansari Road, Darya Ganje110002 a539p.c24cm(Hb) aIncludes index  aIndia -- Economic conditions -- 1947-919435 aIndia -- Economic policy -- 1947-919436 2ddccENh338.9mMON c127112d127112 04104070aLbLd2015-06-27eCen Lib/Retg0.00l0o338.9 MONpA-109983r2015-06-27 00:00:00t1v0.00w2015-06-27yENzWritten off on approval by DLB (By Circulation); dtd 15-06-2023